Conceptions of the catastrophe: discourses on the past before the rise of Holocaust memory

Titel: Conceptions of the catastrophe: discourses on the past before the rise of Holocaust memory / Máté Zombory
Verfasser:
In: Holocaust studies, Band 23, Heft 1-2 (2017), Seite 176-198
alle Artikel anzeigen Jews and gentiles in Central and Eastern Europe during the Holocaust, Band 23, Heft 1-2 (2017), Seite 176-198
alle Artikel anzeigen
Veröffentlicht: 2017
Format: Aufsatz
Sprache: Englisch
Schlagworte:
Kein Bild verfügbar
X
alg: 49376258
001A    $03025:27-04-22 
001B    $01999:27-04-22 $t22:42:11.000 
001D    $03025:27-04-22 
001U    $0utf8 
001X    $00 
002@    $0Oou 
002C    $aText $btxt $2rdacontent 
002D    $aComputermedien $bc $2rdamedia 
002E    $aOnline-Ressource $bcr $2rdacarrier 
003@    $0493762582 
007A    $0493762582 $aHEB 
009Q    $uhttps://doi.org/10.1080/17504902.2016.1209844 $xH 
010@    $aeng 
010E    $erda 
011@    $a2017 
021A    $aConceptions of the catastrophe: discourses on the past before the rise of Holocaust memory $hMáté Zombory 
028A    $BVerfasser $4aut $8Zombory, Máté [Tnx] $9469945508 
031A    $d23 $e1-2 $h176-198 $j2017 
039B    $aEnthalten in $8--Obvc--. Holocaust studies. - Abingdon {[u.a.] : Routledge, 2005-. - Online-Ressource. - ISSN 2048-4887 $x201700000230001824 $9303643609 
039B    $aEnthalten in $8--Aau--. Jews and gentiles in Central and Eastern Europe during the Holocaust. - London : Routledge, 2018. - ix, 230 Seiten. - 1 Illustration, 1 Diagramm. - ISBN 978-1-138-06132-3 $9419319042 
044K    $RÖsterreich-Ungarn $#Ungarn $#Ungarn $#Ungarische Räterepublik $#Königreich Ungarn $#Die @Länder der ungarischen Krone $#Transleithanien $#Magyarország $#Magyar Köztársaság $#Magyar Tanácsköztársaság $#Government of the Hungarian Republic $#Zemalja Ugarske Krune $#VNR $#Ungern $#Ungarische Republik $#Republik Ungarn $#Ungarische Volksrepublik $#Volksrepublik Ungarn $#Magyar Népköztársaság $#Hungary $#Hungarian Republic $#Hongrie $#Vengerskaja Narodnaja Respublika $#Hungarian People's Republic $#HPR Hungarian People's Republic $#République Populaire Hongroise $#Ungarische VR $#Republic of Hungary $#Vengrija $74078541-5 $8Ungarn [Tgz] $9085222712 
044K    $RSoziologie $#Historical sociology $#Sociologie historique $#Sociología histórica $74447176-2 $8Historische Soziologie [Ts1] $9088818624 
044K    $#Nationalsozialistische Straftat $#Nationalsozialismus Straftat $#Nationalsozialismus Verbrechen $#NS-Verbrechen $#Nazi-Verbrechen $#Drittes Reich Nationalsozialistisches Verbrechen $74075228-8 $8Nationalsozialistisches Verbrechen [Ts1] $9085212288 
044K    $RJudenverfolgung $RNationalsozialistisches Verbrechen $RVernichtungslager $#Holocaust, Jewish (1939-1945) $#Shoah $#Holocausto judío (1939-1945) $#Endlösung $#Holocaust $#Holokaust $#Judenfrage Endlösung $#Schoah $#Shoah $#Shoʾah $#Shoa $#Drittes Reich Judenvernichtung $#Šô'ā $#Juden Vernichtung $74073091-8 $8Judenvernichtung [Ts1] $9085205818 
044K    $#Debates and debating $#Débats et controverses $#Debattieren $74148952-4 $8Debatte [Ts1] $9085607606 
045F    $a909.04924094390904 $eDDC23BSB 
045F/01 $a909.04924 
045F/03 $f0904 
045F/03 $g439 
045G    $a907.1094390904 $eDDC23BSB 
045G/01 $a907.1 
045G/03 $f0904 
045G/03 $g439 
045R    $aGeschichte 1919-1980 
045T    $a8 $a1 
045T    $aJUDAICA $qDE-30 $2FID 

lok: 49376258 78

exp: 49376258 78 1 #EPN
201B/01 $027-04-22 $t11:15:31.000 
201C/01 $027-04-22 
201U/01 $0utf8 
203@/01 $01196506590 
208@/01 $a27-04-22 $be 
209A/01 $a/ $f000 $x00 
209A/01 $ab*p $x01 
209A/01 $aEnglische Zusammenfassung, Seite 176 $x03 
220C/01 $apgar 
244Z/01 $#Ungarn $#Ungarn $#Ungarische Räterepublik $#Königreich Ungarn $#Die @Länder der ungarischen Krone $#Transleithanien $#Magyarország $#Magyar Köztársaság $#Magyar Tanácsköztársaság $#Government of the Hungarian Republic $#Zemalja Ugarske Krune $#VNR $#Ungern $#Ungarische Republik $#Republik Ungarn $#Ungarische Volksrepublik $#Volksrepublik Ungarn $#Magyar Népköztársaság $#Hungary $#Hungarian Republic $#Hongrie $#Vengerskaja Narodnaja Respublika $#Hungarian People's Republic $#HPR Hungarian People's Republic $#République Populaire Hongroise $#Ungarische VR $#Republic of Hungary $#Vengrija $74078541-5 $8--Tgz--Ungarn $x01 $9085222712 
247C/01 $82080>Marburg/Lahn, Herder-Institut, Forschungsbibliothek, Bibliographieportal $9336309341
LEADER 00000caa a2200000 c 4500
001 493762582
003 DE-603
005 20220427224211.0
007 cr||||||||||||
008 220427s2017 xx |||| o| u00||u|eng c
035 |a (DE-599)HEB493762582 
040 |a DE-603  |b ger  |c DE-603  |d DE-603  |e rda 
041 |a eng 
082 0 4 |8 1\u  |a 909.04924094390904  |q DE-101  |2 23/BSB 
083 0 |8 2\u  |a 907.1094390904  |q DE-101  |2 23/BSB 
084 |a 8  |a 1  |2 ssgn 
084 |a JUDAICA  |q DE-30  |2 fid 
085 |8 1\u  |b 909.04924 
085 |8 1\u  |z 1  |s 0904 
085 |8 1\u  |z 2  |s 439 
085 |8 2\u  |b 907.1 
085 |8 2\u  |z 1  |s 0904 
085 |8 2\u  |z 2  |s 439 
100 1 |a Zombory, Máté  |e Verfasser  |4 aut  |0 (DE-603)469945508 
245 0 0 |a Conceptions of the catastrophe: discourses on the past before the rise of Holocaust memory  |c Máté Zombory 
264 0 |c 2017 
336 |a Text  |b txt  |2 rdacontent 
337 |a Computermedien  |b c  |2 rdamedia 
338 |a Online-Ressource  |b cr  |2 rdacarrier 
648 7 |a Geschichte 1919-1980  |2 gnd 
650 7 |a Historische Soziologie  |0 (DE-588)4447176-2  |0 (DE-603)088818624  |2 gnd 
650 7 |a Nationalsozialistisches Verbrechen  |0 (DE-588)4075228-8  |0 (DE-603)085212288  |2 gnd 
650 7 |a Judenvernichtung  |0 (DE-588)4073091-8  |0 (DE-603)085205818  |2 gnd 
650 7 |a Debatte  |0 (DE-588)4148952-4  |0 (DE-603)085607606  |2 gnd 
651 7 |a Ungarn  |0 (DE-588)4078541-5  |0 (DE-603)085222712  |2 gnd 
773 0 8 |i Enthalten in  |t Holocaust studies  |d Abingdon ˜[u.a.] œ: Routledge, 2005-  |h Online-Ressource  |x 2048-4887  |g Band 23, Heft 1-2 (2017), Seite 176-198  |w (DE-603)303643609  |w (DE-600)2668830-X 
773 0 8 |i Enthalten in  |t Jews and gentiles in Central and Eastern Europe during the Holocaust  |d London : Routledge, 2018  |h ix, 230 Seiten, 1 Illustration, 1 Diagramm  |z 9781138061323  |g Band 23, Heft 1-2 (2017), Seite 176-198  |w (DE-603)419319042 
856 |u https://doi.org/10.1080/17504902.2016.1209844  |x Verlag 
924 1 |9 2080  |a (DE-603)1196506590  |b DE-2080  |c HES  |d d  |g /